Eduardo Frota (Record no. 837)
[ view plain ]
| 000 -LEADER | |
|---|---|
| campo de control de longitud fija | 00652nam a22001697a 4500 |
| 008 - DATOS DE LONGITUD FIJA--INFORMACIÓN GENERAL | |
| campo de control de longitud fija | 160127b xxu||||| |||| 00| 0 eng d |
| 082 ## - NÚMERO DE LA CLASIFICACIÓN DECIMAL DEWEY | |
| Número de clasificación | 730 |
| Número de ítem | F941i |
| 100 ## - ENTRADA PRINCIPAL--NOMBRE DE PERSONA | |
| Nombre de persona | Eduardo Frota; Paulo Herkenhoff |
| 9 (RLIN) | 4577 |
| 110 ## - ENTRADA PRINCIPAL--NOMBRE DE ENTIDAD CORPORATIVA | |
| Nombre de entidad corporativa o nombre de jurisdicción como elemento de entrada | Museu de Arte Moderna do Rio de Janeiro |
| 9 (RLIN) | 4578 |
| 245 ## - MENCIÓN DEL TÍTULO | |
| Título | Eduardo Frota |
| Resto del título | intervenções em trânsito I, Rio de Janeiro |
| Mención de responsabilidad, etc. | Eduardo Frota; Paulo Herkenhoff |
| 260 ## - PUBLICACIÓN, DISTRIBUCIÓN, ETC. | |
| Lugar de publicación, distribución, etc. | Rio de Janeiro |
| Nombre del editor, distribuidor, etc. | Museu de Arte Moderna |
| Fecha de publicación, distribución, etc. | 2006 |
| 300 ## - DESCRIPCIÓN FÍSICA | |
| Extensión | 40 pag |
| Otras características físicas | ill; col |
| Dimensiones | 21cm |
| 600 ## - PUNTO DE ACCESO ADICIONAL DE MATERIA--NOMBRE DE PERSONA | |
| Nombre de persona | Eduardo Frota |
| 9 (RLIN) | 4579 |
| 650 ## - PUNTO DE ACCESO ADICIONAL DE MATERIA--TÉRMINO DE MATERIA | |
| Término de materia o nombre geográfico como elemento de entrada | Exhibiciones |
| Subdivisión de forma | Arte-Instalación |
| Subdivisión geográfica | Brasil-Rio de janeiro |
| 9 (RLIN) | 4580 |
| 700 ## - ENTRADA AGREGADA--NOMBRE PERSONAL | |
| Nombre de persona | Eduardo Frota |
| 9 (RLIN) | 4581 |
| 700 ## - ENTRADA AGREGADA--NOMBRE PERSONAL | |
| Nombre de persona | Paulo Herkenhoff |
| 9 (RLIN) | 4582 |
| Estatus retirado | Estado de pérdida | Fuente del sistema de clasificación o colocación | Estado de daño | No para préstamo | Biblioteca de origen | Biblioteca actual | Ubicación en estantería | Fecha de adquisición | Total de préstamos | Signatura topográfica completa | Código de barras | Visto por última vez | Precio de reemplazo | Tipo de ítem Koha |
|---|---|---|---|---|---|---|---|---|---|---|---|---|---|---|
| Clasificación Decimal Dewey | Biblioteca LadoV | Biblioteca LadoV | 27/01/2016 | 730 F941i | 002032 | 27/01/2016 | 27/01/2016 | Material 01 |
